000 00235nam a22001097a 4500
082 _a823
_bORI/F
100 _aORIENT LONGMAN
245 _aA FUNNY MAN
260 _bORIENT LONGMAN
_c1992
650 _aPASSAGE LEAFLETS
_zINDIA
942 _cBK
999 _c4065
_d4065